Development and policy use of criminal justice information: proceedings of the Beijing Seminar, 12 - 16 September 1994
| Corporate Author: | |
|---|---|
| Contributors: | |
| Format: | Print Book |
| Language: | Chinese English |
| Published: |
Rome [u.a.]
UNICRI [u.a.]
1995
|
| In: |
Publication / UNICRI, United Nations Interregional Crime and Justice Research Institute (53)
Year: 1995 |
| Availability in Tübingen: | Present in Tübingen. IFK: P I 525 UB: KB 19 A 3039 |
| Check availability: | HBZ Gateway |
| Subito Delivery Service: | Order now. |
| Keywords: |
MARC
| LEADER | 00000cam a2200000 c 4500 | ||
|---|---|---|---|
| 001 | 1642210749 | ||
| 003 | DE-627 | ||
| 005 | 20251129030344.0 | ||
| 007 | tu | ||
| 008 | 950505s1995 xx ||||| 00| ||chi c | ||
| 020 | |a 9290780282 |9 92-9078-028-2 | ||
| 024 | 8 | |a E/C.94.III.N.2 |q Sales no. | |
| 035 | |a (DE-627)1642210749 | ||
| 035 | |a (DE-576)045207313 | ||
| 035 | |a (DE-599)BSZ045207313 | ||
| 035 | |a (OCoLC)34437372 | ||
| 040 | |a DE-627 |b ger |c DE-627 |e rakwb | ||
| 041 | |a chi |a eng | ||
| 084 | |a PH 8420 |2 rvk |0 (DE-625)rvk/136501: | ||
| 245 | 0 | 0 | |a Development and policy use of criminal justice information |b proceedings of the Beijing Seminar, 12 - 16 September 1994 |c ed. by Ugljesa Zvekic ... |
| 246 | 3 | 3 | |a Xing-shi-si-fa-xin-xi-di-fa-zhan-yu-zheng-ce-ying-yong |
| 264 | 1 | |a Rome [u.a.] |b UNICRI [u.a.] |c 1995 | |
| 300 | |a 301, 206 S. | ||
| 336 | |a Text |b txt |2 rdacontent | ||
| 337 | |a ohne Hilfsmittel zu benutzen |b n |2 rdamedia | ||
| 338 | |a Band |b nc |2 rdacarrier | ||
| 490 | 1 | |a Publication / United Nations Interregional Crime and Justice Research Institute |v 53 | |
| 500 | |a Text. engl. u. chin. - Parallelt.: Xing-shi-si-fa-xin-xi-di-fa-zhan-yu-zheng-ce-ying-yong | ||
| 655 | 7 | |a Konferenzschrift |y 1994 |z Peking |0 (DE-588)1071861417 |0 (DE-627)826484824 |0 (DE-576)433375485 |2 gnd-content | |
| 689 | 0 | 0 | |d g |0 (DE-588)4009937-4 |0 (DE-627)104289031 |0 (DE-576)208885382 |a China |2 gnd |
| 689 | 0 | 1 | |d s |0 (DE-588)4033178-7 |0 (DE-627)10458503X |0 (DE-576)209000511 |a Kriminalität |2 gnd |
| 689 | 0 | |5 (DE-627) | |
| 700 | 1 | |a Zvekić, Uglješa |e Hrsg. |0 (DE-627)1234551489 |0 (DE-576)164551484 |4 edt | |
| 710 | 2 | |a United Nations Interregional Crime and Justice Research Institute |0 (DE-588)5022882-1 |0 (DE-627)103165118 |0 (DE-576)193715139 |4 oth | |
| 810 | 2 | |a United Nations Interregional Crime and Justice Research Institute |t Publication / UNICRI, United Nations Interregional Crime and Justice Research Institute |v 53 |9 53 |w (DE-627)170460150 |w (DE-576)02395650X |w (DE-600)1060805-9 |7 am | |
| 936 | r | v | |a PH 8420 |b Kinderkriminalität; Jugendkriminalität; Frauenkriminalität, Mädchenkriminalität; Alterskriminalität; Ausländerkriminalität |k Rechtswissenschaft |k Strafrecht, Strafverfahrensrecht, Kriminologie |k Kriminologie |k Soziale Profile; Soziale Gruppen; Tätergemeinschaften (hier auch: Internationale Kriminalität) |k Kinderkriminalität; Jugendkriminalität; Frauenkriminalität, Mädchenkriminalität; Alterskriminalität; Ausländerkriminalität |0 (DE-627)1271674998 |0 (DE-625)rvk/136501: |0 (DE-576)201674998 |
| 951 | |a BO | ||
| ELC | |b 1 | ||
| LOK | |0 000 xxxxxcx a22 zn 4500 | ||
| LOK | |0 001 3305991348 | ||
| LOK | |0 003 DE-627 | ||
| LOK | |0 004 1642210749 | ||
| LOK | |0 005 20020522000000 | ||
| LOK | |0 008 950623||||||||||||||||ger||||||| | ||
| LOK | |0 040 |a DE-21 |c DE-627 |d DE-21 | ||
| LOK | |0 852 |a DE-21 | ||
| LOK | |0 852 1 |c KB 19 A 3039 |9 00 | ||
| LOK | |0 935 |a krim | ||
| LOK | |0 936ln |a k4.6.5 | ||
| LOK | |0 939 |a 23-06-95 |b l01 | ||
| LOK | |0 000 xxxxxcx a22 zn 4500 | ||
| LOK | |0 001 3305991402 | ||
| LOK | |0 003 DE-627 | ||
| LOK | |0 004 1642210749 | ||
| LOK | |0 005 20151116135002 | ||
| LOK | |0 008 150728||||||||||||||||ger||||||| | ||
| LOK | |0 040 |a DE-21-110 |c DE-627 |d DE-21-110 | ||
| LOK | |0 689 |a s |a Strafjustizsystem | ||
| LOK | |0 689 |a s |a Opferstatistiken | ||
| LOK | |0 689 |a s |a International | ||
| LOK | |0 689 |a s |a Computereinsatz | ||
| LOK | |0 689 |a s |a Informationssysteme | ||
| LOK | |0 852 |a DE-21-110 | ||
| LOK | |0 852 1 |c P I 525 |m p |9 00 | ||
| LOK | |0 935 |a k110 | ||
| LOK | |0 938 |k p | ||
| LOK | |0 939 |a 28-07-15 |b l01 | ||
| ORI | |a SA-MARC-krimdoka001.raw | ||
| SIG | |a IFK: P I 525 | ||
| SIG | |a UB: KB 19 A 3039 | ||
| TIM | |a 100019940101_100019941231 |b 1994 - 1994 | ||
